00582nam a2200217 i 4500001001100000003000500011005001700016008004100033040002500074082001300099090001700112245004300129264007000172300001000242336002100252337002500273338002300298650001400321942001000335999001900345C2-0219500PPAK20180728111828.0990901s1984 my |||| ||||| | may d aPPAKbengcPPAKerda04a3202 2300a320bPOLdKK00aPolitik (Keratan Akhbar Koleksi Kedah) 1aAlor Setar, Kedah : bPerbadanan Perpustakaan Awam Kedah , c1984 c33 cm 2rdacontentatext 2rdamediaaunmediated 2rdacarrieravolume10aEducation ddccB c162076d162076